000 00473nam a2200181Ia 4500
001 7845
005 20260306160525.0
008 260306t2012||||xx |||||||||||||| ||spa||
041 _aESP
082 _a362.9
_bS21
100 _aSanz Palomino, Bernardino Augusto
_eAUT
245 0 _aHospital Goyeneche cien años al servicio de la salud Arequipeña
260 _c2012
300 _a121 páginas :
_c21 cm.
650 _aGEN
654 _aCED
942 _cREV
_dJUS
_fJUS
_2ddc
_n
999 _c7845
_d7845